Návrh systému plánovania potreby zamestnancov

Na minha lista:
Detalhes bibliográficos
Autor principal: Kontelík, Marián, 1986- (Author)
Outros Autores: Sablik, Jozef, 1944- (Thesis advisor)
Formato: Manuscrito Livro
Idioma:eslovaco
Publicado em: STU v Bratislave MTF UPMK, 2010
Acesso em linha:VAIS
Tags: Adicionar Tag
Sem tags, seja o primeiro a adicionar uma tag!

MARC

LEADER 00000ntm a22000003a 4500
001 stu206613
005 20160719160208.4
008 100707s2010------------------------slo-d
040 |a STU  |b slo 
041 0 |a slo 
100 1 |a Kontelík, Marián,  |d 1986-  |4 aut  |X 30310  |7 A000030310 
242 0 0 |a The Proposal of the System of Planning the Employees Needs  |y eng 
245 1 |a Návrh systému plánovania potreby zamestnancov 
260 |b STU v Bratislave MTF UPMK,  |c 2010 
700 1 |a Sablik, Jozef,  |d 1944-  |4 ths  |u M4000  |U MTF Materiálovotechnologická fakulta  |T MTF Ústav priemyselného inžinierstva a manažmentu  |X 324  |U M4000  |Y 84  |7 A000000324 
856 4 |a info a plný text  |u http://is.stuba.sk/zp/portal_zp.pl?podrobnosti=58385  |3 VAIS 
996 |c M*DP-9401  |l MMSKP  |s P  |a 0  |w stu206613_0001